000 00597cam a22002052 4500
001 0000005750
005 20151217152005.0
008 070716s xx 000 0 eng d
020 _a9966703462 :
_cKES 1,300
040 _aKABU
_cKABU
050 0 _aKSK4610
_b.L86 2005
100 1 _aLumumba, P. L. O.
_@0000160099
245 1 2 _aA Handbook on criminal procedure in Kenya.
260 _aNairobi :
_bLawAfrica,
_c2005.
300 _axlix, 221 p.
650 0 _aCriminal procedure
_zKenya.
_@0000160341
908 _a070716
950 _@1
999 _c7061
_d7061